| 000 | 00581nam a22001817a 4500 | ||
|---|---|---|---|
| 005 | 20150326144941.0 | ||
| 010 | _aENG-112205 | ||
| 020 |
_a9789351431664 _c325.00 |
||
| 035 | _aEN-95737 | ||
| 037 | _bDBAD/PUB | ||
| 082 | _a346.5402 | ||
| 100 | _aGupta, Ritu | ||
| 245 |
_aLaw of contract : _bincludes the Specific Relief Act, 1963 / _cby Ritu Gupta |
||
| 260 |
_aGurgaon _bLexisNexis _c2015 |
||
| 270 |
_a14th Floor, Building No.10, Tower-B, DLF Cyber City, Phase-II _bGurgaon _e122002 |
||
| 300 |
_axxxvii,351p. _c24cm(pbk) |
||
| 942 |
_2ddc _cEN _mGUP _h346.5402 |
||
| 999 |
_c91576 _d91576 |
||